Mr. Midshipman Hornblower
| Main Author: | |
|---|---|
| Format: | Book |
| Language: | English |
| Published: |
Oxford
Oxford University Press
2000
|
| Edition: | 2nd ed. |
| Series: | Oxford bookworms library
|
| Subjects: |
| LEADER | 00564cam a2200193 a 4500 | ||
|---|---|---|---|
| 001 | 0000132047 | ||
| 005 | 20120518090000.0 | ||
| 040 | |a mod | ||
| 041 | |a eng | ||
| 020 | |a 0194230414 | ||
| 090 | 0 | 0 | |a F |b FOR |e 2000 |
| 100 | 1 | |a Forester, C. S. | |
| 245 | 1 | 0 | |a Mr. Midshipman Hornblower |c C. S. Forester |f retold by Rosemary Border |
| 250 | |a 2nd ed. | ||
| 260 | |a Oxford |b Oxford University Press |c 2000 | ||
| 300 | |a 88 p. |b ill. |c 20 cm | ||
| 490 | 0 | |a Oxford bookworms library | |
| 650 | 0 | 0 | |a English fiction |
| 999 | |a B000017799 |b IJED |d BOOKS |e Fiksyen (F) |f 4 DIV |j AVAILABLE |q GOOD CONDITION | ||